000 00604nam a2200241Ia 4500
003 OSt
005 20221007072633.0
006 a|||||r|||| 00| 0
007 ta
008 221006b |||||||| |||| 00| 0 eng d
024 _a25,585
037 _cTextual
040 _aFLL
_cFLL
_beng
041 _2eng
_aeng
082 _aZz7, J1
100 _aPotter Harold
_9154585
245 0 _aQuest of justice
250 _a1st
260 _aLondon
_bSweet & Maxwell Ltd. London
_c1951
300 _aix,1-88p
_ccm.
942 _hZz7, J1
_cTEXL
_2CC
999 _c1146616
_d1146616